| 000 | 01014nam a2200277 a 4500 | ||
|---|---|---|---|
| 003 | BLK | ||
| 005 | 20250802114042.0 | ||
| 008 | 230502b bu |||||r|||| 00| | bu d | ||
| 020 | _a9789543898251 | ||
| 040 | _aBLK | ||
| 041 |
_aBUL _cBUL |
||
| 080 |
_aАмериканска литература (на САЩ) _b821.111(73) _x-31 _z821.111(73)-31 |
||
| 084 | _aС 48 | ||
| 100 |
_9487505 _aСноу, Никол |
||
| 245 |
_aПочти преструвка _cНикол Сноу ; прев. Милена Тодорова |
||
| 260 |
_9209478 _aСофия _bЕра _c2025 |
||
| 300 |
_a431 с. _c20 см |
||
| 380 | _aX | ||
| 500 | _aОриг. загл.: Almost pretend / Nicole Snow | ||
| 700 |
_aТодорова, Милена _9383639 _eпрев. на том |
||
| 852 |
_bП _c821-31/С 48 Н |
||
| 856 |
_i0.00 _ldisable |
||
| 942 |
_cKNG _n0 _s1 _09 |
||
| 944 |
_cМоника Янева _k30575 _a30570 _lМартин Енчев |
||
| 999 |
_c531049 _d531049 |
||